[Event "Asia Cities-ch 14th"]
[Site "Tagaytay City"]
[Date "2004.03.22"]
[Round "2.2"]
[White "Mari Arul, S."]
[Black "To, Quoc Khanh"]
[Result "1-0"]
[WhiteElo "2322"]
[BlackElo "2302"]
[PlyCount "75"]
[EventDate "2004.03.21"]
[EventType "team"]
[EventRounds "9"]
[EventCountry "PHI"]
[SourceTitle "CBM 099 Extra"]
[Source "ChessBase"]
[SourceDate "2004.05.04"]
[SourceVersion "1"]
[SourceVersionDate "2004.05.04"]
[SourceQuality "1"]
[WhiteTeam "Kanchipuram"]
[BlackTeam "Ho Chi Minh"]
[WhiteTeamCountry "IND"]
[BlackTeamCountry "VIE"]

1. e4 c5 2. Nf3 d6 3. Bb5+ Bd7 4. Bxd7+ Qxd7 5. 0-0 g6 6. c3 Bg7 7. d4 Nf6 8. Qe2 0-0 9. e5 Nd5 10. dxc5 dxc5 11. c4 Nb6 12. Rd1 Qe6 13. b3 Nc6 14. Bb2 f6 15. Re1 fxe5 16. Nxe5 Rad8 17. Na3 Bxe5 18. Bxe5 Nxe5 19. Qxe5 Qxe5 20. Rxe5 Rd2 21. f3 Nc8 22. Nb5 Rf4 23. Ree1 Rf8 24. Nc3 Rfd8 25. Ne4 Rb2 26. Red1 Rxd1+ 27. Rxd1 Nd6 28. Nxd6 exd6 29. Rxd6 Rxa2 30. Rd8+ Kf7 31. Rd7+ Ke6 32. Rxb7 a5 33. Rxh7 Ke5 34. Rd7 Kf4 35. Rd3 Rb2 36. g3+ Kf5 37. Rd5+ Kf6 38. Rxc5 1-0

[Event "Chennai WinTV op 1st"]
[Site "Chennai"]
[Date "2004.02.01"]
[Round "13"]
[White "Mari Arul, S."]
[Black "Sundararajan, Kidambi"]
[Result "1/2-1/2"]
[WhiteElo "2322"]
[BlackElo "2437"]
[PlyCount "55"]
[EventDate "2004.01.21"]
[EventType "swiss"]
[EventRounds "13"]
[EventCountry "IND"]
[SourceTitle "CBM 098 Extra"]
[Source "ChessBase"]
[SourceDate "2004.03.10"]
[SourceVersion "2"]
[SourceVersionDate "2004.03.10"]
[SourceQuality "1"]

1. e4 c5 2. Nf3 d6 3. Bb5+ Bd7 4. Bxd7+ Qxd7 5. 0-0 Nc6 6. c3 Nf6 7. d4 e6 8. d5 Ne5 9. Nxe5 dxe5 10. dxe6 Qxe6 11. Qa4+ Qd7 12. Qxd7+ Kxd7 13. f3 c4 14. Be3 Be7 15. Nd2 Rhc8 16. Rfc1 Ne8 17. b3 Nd6 18. Kf2 Rc6 19. Ke2 Rac8 20. b4 a5 21. a4 axb4 22. cxb4 b5 23. Bc5 Ra6 24. axb5 Rxa1 25. Rxa1 Nxb5 26. Nxc4 Bxc5 27. bxc5 Rxc5 28. Kd3 1/2-1/2

[Event "Chennai WinTV op 1st"]
[Site "Chennai"]
[Date "2004.01.29"]
[Round "10"]
[White "Sareen, Vishal"]
[Black "Mari Arul, S."]
[Result "1/2-1/2"]
[WhiteElo "2371"]
[BlackElo "2322"]
[PlyCount "90"]
[EventDate "2004.01.21"]
[EventType "swiss"]
[EventRounds "13"]
[EventCountry "IND"]
[SourceTitle "CBM 098 Extra"]
[Source "ChessBase"]
[SourceDate "2004.03.10"]
[SourceVersion "2"]
[SourceVersionDate "2004.03.10"]
[SourceQuality "1"]

1. d4 Nf6 2. g3 c5 3. d5 e6 4. Nc3 Nxd5 5. Nxd5 exd5 6. Qxd5 Be7 7. e4 Nc6 8. Ne2 0-0 9. Bg2 Qa5+ 10. c3 Qa6 11. Qd1 Ne5 12. 0-0 Nd3 13. Qc2 Nxc1 14. Rfxc1 d6 15. Re1 Be6 16. Nf4 Bg5 17. Nxe6 fxe6 18. f4 Bd8 19. Bh3 e5 20. Be6+ Kh8 21. f5 Rb8 22. Qe2 Qxe2 23. Rxe2 b5 24. Rd1 Bc7 25. Kg2 b4 26. c4 Rb6 27. h4 Bd8 28. Kf3 Be7 29. Rh2 g5 30. hxg5 Bxg5 31. Rdh1 Rb7 32. Rh5 Rg7 33. Rd1 Rd8 34. Ke2 Be7 35. Kf3 Bg5 36. g4 Bf6 37. Rh2 Bg5 38. Rh5 Bf6 39. Rg1 Bg5 40. Rd1 Bf6 41. Rdh1 Bg5 42. f6 Bxf6 43. Bf5 Kg8 44. Rxh7 Kf7 45. R7h5 Rdg8 1/2-1/2

[Event "Chennai WinTV op 1st"]
[Site "Chennai"]
[Date "2004.01.28"]
[Round "9"]
[White "Mari Arul, S."]
[Black "Phillips, Ray"]
[Result "1-0"]
[WhiteElo "2322"]
[BlackElo "2207"]
[PlyCount "45"]
[EventDate "2004.01.21"]
[EventType "swiss"]
[EventRounds "13"]
[EventCountry "IND"]
[SourceTitle "CBM 098 Extra"]
[Source "ChessBase"]
[SourceDate "2004.03.10"]
[SourceVersion "2"]
[SourceVersionDate "2004.03.10"]
[SourceQuality "1"]

1. e4 c5 2. Nf3 g6 3. d4 cxd4 4. Qxd4 Nf6 5. Bb5 a6 6. e5 axb5 7. exf6 Nc6 8. Qd3 exf6 9. Nc3 Bg7 10. 0-0 0-0 11. Nxb5 d5 12. Nfd4 f5 13. c3 Ne5 14. Qg3 Bd7 15. a4 Nc6 16. b3 Nxd4 17. Nxd4 b5 18. Ba3 Re8 19. axb5 Qb6 20. Qd6 Bxd4 21. cxd4 Qxb5 22. Bc5 Rxa1 23. Rxa1 1-0

[Event "Asia Cities-ch 11th"]
[Site "Genting Highlands"]
[Date "1998.04.15"]
[Round "9"]
[White "Peng, Xiaomin"]
[Black "Mari Arul, S."]
[Result "1-0"]
[WhiteElo "2535"]
[BlackElo "2225"]
[PlyCount "63"]
[EventDate "1998.04.09"]
[EventType "team-swiss"]
[EventRounds "9"]
[EventCountry "MAS"]
[SourceTitle "EXT 2020"]
[Source "ChessBase"]
[SourceDate "2019.10.17"]
[SourceVersion "1"]
[SourceVersionDate "2019.10.17"]
[SourceQuality "1"]
[WhiteTeam "Shi Jiazhuang"]
[BlackTeam "Chrompet"]
[WhiteTeamCountry "CHN"]
[BlackTeamCountry "IND"]

1. e4 e5 2. Nf3 Nc6 3. Bb5 a6 4. Ba4 Nf6 5. 0-0 Be7 6. d3 b5 7. Bb3 0-0 8. a4 Bb7 9. Nc3 b4 10. Nd5 Na5 11. Nxe7+ Qxe7 12. Ba2 d5 13. exd5 Bxd5 14. Re1 Nc6 15. Bg5 Bxa2 16. Rxa2 Qe6 17. Ra1 Nd5 18. Bd2 Rfe8 19. Qb1 Rab8 20. Qa2 b3 21. cxb3 Ndb4 22. Bxb4 Nxb4 23. Qb1 Qd5 24. Re3 f5 25. Qd1 f4 26. Re4 Nxd3 27. Rxe5 Rxe5 28. Nxe5 Rxb3 29. Rc1 Nb4 30. Qe2 Qe6 31. Qe4 Nd5 32. Rc6 1-0

[Event "Asia Cities-ch 11th"]
[Site "Genting Highlands"]
[Date "1998.04.09"]
[Round "2"]
[White "Kasimdzhanov, Rustam"]
[Black "Mari Arul, S."]
[Result "1-0"]
[WhiteElo "2565"]
[BlackElo "2225"]
[PlyCount "101"]
[EventDate "1998.04.09"]
[EventType "team-swiss"]
[EventRounds "9"]
[EventCountry "MAS"]
[SourceTitle "EXT 2020"]
[Source "ChessBase"]
[SourceDate "2019.10.17"]
[SourceVersion "1"]
[SourceVersionDate "2019.10.17"]
[SourceQuality "1"]
[WhiteTeam "Tashkent"]
[BlackTeam "Chrompet"]
[WhiteTeamCountry "UZB"]
[BlackTeamCountry "IND"]

1. g3 Nf6 2. Bg2 d5 3. Nf3 Bf5 4. b3 e6 5. Bb2 h6 6. 0-0 Be7 7. c4 c6 8. d3 0-0 9. Nbd2 a5 10. a3 Bh7 11. Bc3 Na6 12. Ra2 b5 13. Qa1 b4 14. axb4 Nxb4 15. Ra4 Qb6 16. Ne5 Rfb8 17. Rc1 Bc5 18. d4 Be7 19. c5 Qa6 20. Bf1 Bd8 21. Qb2 Qb7 22. Rca1 Ne8 23. Bxb4 axb4 24. Qa2 Nc7 25. Nd7 Rxa4 26. bxa4 Ra8 27. Nb6 Ra7 28. Qb2 Na6 29. a5 Bf6 30. Nb3 Qc7 31. e3 e5 32. Qd2 Be4 33. Bxa6 Rxa6 34. Qxb4 h5 35. Qd2 h4 36. Qe2 Ra7 37. a6 hxg3 38. hxg3 g6 39. Kh2 Kg7 40. f3 Bf5 41. Kg2 Qe7 42. dxe5 Bxe5 43. Ra4 Bb8 44. Nd4 Qxc5 45. Qb2 f6 46. Nc8 Bxc8 47. Qxb8 Bf5 48. Nxf5+ gxf5 49. Rh4 Qxe3 50. Qh8+ Kf7 51. Rh7+ 1-0